History of political thought from Plato to Laski; Ancient, medieval and modern (Record no. 63434)

MARC details
000 -LEADER
fixed length control field 00446nam a2200157Ia 4500
008 - FIXED-LENGTH DATA ELEMENTS--GENERAL INFORMATION
fixed length control field 230917s9999||||xx |||||||||||||| ||und||
020 ## - ISBN
Price RS200
040 ## - CATALOGING SOURCE
-- 6875
Original cataloging agency VIVEKANANDA LIBRARY
041 ## - Language
-- English
082 ## - DDC NUMBER
Classification number 320.509 B469H
100 ## - MAIN ENTRY--PERSONAL NAME
Personal name Bhattacharjee, Arun
245 #0 - TITLE STATEMENT
Title History of political thought from Plato to Laski; Ancient, medieval and modern
260 ## - PUBLICATION, DISTRIBUTION, ETC. (IMPRINT)
Place of publication, distribution, etc New Delhi
Name of publisher, distributor, etc Ashish Publishing House
Date of publication, distribution, etc 1989
300 ## - PHYSICAL DESCRIPTION
Pages vii, 249 p.
942 ## - ADDED ENTRY ELEMENTS (KOHA)
Koha item type Books
Holdings
Withdrawn status Lost status Damaged status Not for loan Location (home branch) Sublocation or collection (holding branch) Date acquired Koha issues (times borrowed) Koha full call number Accession No. Koha date last seen Koha item type
        VIVEKANANDA LIBRARY VIVEKANANDA LIBRARY 28/08/2002   320.509 B469H 135415 17/09/2023 Books
© Designed and Maintained by Vivekananda Library, MDU Rohtak